000 00626nam a2200253Ia 4500
005 20260121160049.0
008 008 260114s9999 xx 000 0 eng d
020 _a9781315696775
037 _aEBOOK
040 _aCRL
040 _beng
040 _cCRL
041 _2eng
041 _aeng
084 _qCRL
100 _a Tassilo Herrschel; Yonn Dierwechter
_91027252
245 0 _aSmart Transitions in City Regionalism
260 _bTaylor and Francis
260 _c2018
856 _uhttp://www.taylorfrancis.com/books/9781315696775
942 _cEBOOK
999 _c1594071
_d1594071